Watercolor : (Record no. 1122)

MARC details
000 -LEADER
fixed length control field 01227cam a2200313 a 4500
005 - DATE AND TIME OF LATEST TRANSACTION
control field 20260322212047.0
008 - FIXED-LENGTH DATA ELEMENTS--GENERAL INFORMATION
fixed length control field data
010 ## - LIBRARY OF CONGRESS CONTROL NUMBER
LC control number 2009925018
020 ## - INTERNATIONAL STANDARD BOOK NUMBER
International Standard Book Number 9780823033003
020 ## - INTERNATIONAL STANDARD BOOK NUMBER
International Standard Book Number 0823033007
040 ## - CATALOGING SOURCE
Original cataloging agency BTCTA
Transcribing agency BTCTA
Modifying agency DLC
-- DLC
042 ## - AUTHENTICATION CODE
Authentication code lccopycat
050 00 - LIBRARY OF CONGRESS CALL NUMBER
Classification number ND2420
Item number .H67 2009
082 00 - DEWEY DECIMAL CLASSIFICATION NUMBER
Classification number 751.42/2
Edition information 22
092 ## - LOCALLY ASSIGNED DEWEY CALL NUMBER (OCLC)
Classification number 751.42 H67 2009
001 - CONTROL NUMBER
control field data
100 1# - MAIN ENTRY--PERSONAL NAME
Personal name Horowitz, Elizabeth.
245 10 - TITLE STATEMENT
Title Watercolor :
Remainder of title a beginner's guide /
Statement of responsibility, etc. Elizabeth Horowitz & Elizabeth Horowitz.
260 ## - PUBLICATION, DISTRIBUTION, ETC.
Place of publication, distribution, etc. New York :
Name of publisher, distributor, etc. Watson-Guptill Publications,
Date of publication, distribution, etc. [2009]
300 ## - PHYSICAL DESCRIPTION
Extent 143 p. :
Other physical details col. ill. ;
Dimensions 26 cm.
500 ## - GENERAL NOTE
General note Originally published: Watercolor for the first time. c2004.
500 ## - GENERAL NOTE
General note Includes index.
650 #0 - SUBJECT ADDED ENTRY--TOPICAL TERM
Topical term or geographic name entry element Watercolor painting
General subdivision Technique.
700 1# - ADDED ENTRY--PERSONAL NAME
Personal name Horowitz, Elizabeth.
Title of a work Watercolor for the first time.
856 42 - ELECTRONIC LOCATION AND ACCESS
Materials specified Publisher description
Uniform Resource Identifier <a href="http://www.loc.gov/catdir/enhancements/fy1007/2009925018-d.html">http://www.loc.gov/catdir/enhancements/fy1007/2009925018-d.html</a>
906 ## - LOCAL DATA ELEMENT F, LDF (RLIN)
a 7
b cbc
c copycat
d 3
e ncip
f 20
g y-gencatlg
925 0# -
-- acquire
-- 2 shelf copies
-- policy default
955 ## - COPY-LEVEL INFORMATION (RLIN)
-- rc09 2009-09-10 ; to Dewey 2009-09-10
-- rd11 2009-09-18
Holdings
Withdrawn status Lost status Damaged status Not for loan Home library Current library Shelving location Date acquired Total checkouts Full call number Barcode Date last seen Price effective from Koha item type
        Centerville Centerville General stacks 22/03/2026   751.42/2 22 BC0011159 22/03/2026 22/03/2026 Books